[Event "II ROMGAZ Open"]
[Site "Bucharest ROU"]
[Date "2008.09.13"]
[Round "3"]
[White "Parligras,M"]
[Black "Grigorov,G"]
[Result "1/2-1/2"]
[WhiteElo "2588"]
[BlackElo "2465"]

1.d4 Nf6 2.c4 e6 3.Nf3 b6 4.g3 Ba6 5.Qc2 Bb4+ 6.Bd2 Be7 7.e4 d5 8.cxd5 Bxf1
9.Kxf1 exd5 10.e5 Ne4 11.Nc3 Nxc3 12.bxc3 Qd7 13.Kg2 Nc6 14.c4 Nd8 15.Qb3 c6
16.a4 O-O 17.cxd5 cxd5 18.Qb5 Qxb5 19.axb5 Ne6 20.Rhc1 Rfd8 21.Rc6 Kf8 22.Be3  1/2-1/2

[Event "IV Geller Memorial"]
[Site "Odessa UKR"]
[Date "2008.09.13"]
[Round "5"]
[White "Kutsykh,M"]
[Black "Grekh,A"]
[Result "1-0"]
[WhiteElo "2268"]
[BlackElo "2362"]

1.d4 Nf6 2.Nf3 e6 3.c4 b6 4.g3 Ba6 5.b3 b5 6.Bg2 bxc4 7.Ne5 Bb4+ 8.Kf1 c6
9.bxc4 O-O 10.Bd2 Bd6 11.Bc3 Qc7 12.Nd2 Bxe5 13.dxe5 Ng4 14.Nf3 f6 15.exf6 Nxf6
16.Be5 Qc8 17.Bd6 Bxc4 18.Bxf8 Qxf8 19.Qd4 Bd5 20.Ne5 c5 21.Qd3 Bxg2+ 22.Kxg2 d6
23.Nf3 d5 24.Ng5 Qd6 25.Rab1 h6 26.Nf3 Nc6 27.Rb7 e5 28.Qa6 Rd8 29.Nh4 Qe6
30.Rc7 Rd6 31.Ng6 Ne4 32.Rc8+ Kf7 33.Nh8+ Ke7 34.Qb7+  1-0

[Event "I Liga Seniorow"]
[Site "Ustron POL"]
[Date "2008.09.13"]
[Round "8"]
[White "Borgula,R"]
[Black "Moranda,W"]
[Result "0-1"]
[WhiteElo "2295"]
[BlackElo "2533"]

1.d4 Nf6 2.Nf3 e6 3.c4 b6 4.g3 Ba6 5.Qa4 Bb7 6.Bg2 c5 7.O-O cxd4 8.Nxd4 Bxg2
9.Kxg2 Qc8 10.Nc3 Be7 11.Bf4 a6 12.Rac1 O-O 13.Rfd1 d6 14.Nf3 Rd8 15.Kg1 Qb7
16.h3 Nc6 17.Rd2 h6 18.Rcd1 Ne8 19.e4 Rab8 20.Rc1 Bf6 21.Be3 Bxc3 22.Rxc3 Nf6
23.Ra3 Nxe4 24.Re2 Ne7 25.Ne1 a5 26.Qc2 Nc5 27.Ng2 Rbc8 28.Nf4 d5 29.cxd5 Nxd5
30.Nxd5 Rxd5 31.Rc3 Rcd8 32.Rd2 Rxd2 33.Bxd2 Ne4 34.Rd3 Rxd3 35.Qxd3 Qd5
36.Qxd5 exd5 37.Be3 b5 38.Bb6 a4 39.Kf1 Kf8 40.Ke2 Ke7 41.Kd3 Kd6 42.Be3 h5
43.Kd4 Nc5 44.Kc3 Ne6 45.Kd3 g5 46.f3 f5 47.Ba7 Nd8 48.Be3 Ne6 49.Ba7 g4
50.fxg4 fxg4 51.hxg4 hxg4 52.Ke3 Kc6 53.Kd3 b4 54.Be3 Kb5 55.Bh6 Kc5 56.Bd2 d4
57.Ke4 b3 58.axb3 axb3 59.Kf5 Kd5 60.Bh6 d3 61.Bc1 Nd4+ 62.Kxg4 Ke4 63.Kh5 Ne2  0-1

[Event "I Liga Seniorow"]
[Site "Ustron POL"]
[Date "2008.09.14"]
[Round "9"]
[White "Staniszewski,Pi"]
[Black "Jaworski,Mi"]
[Result "1/2-1/2"]
[WhiteElo "2416"]
[BlackElo "2374"]

1.d4 Nf6 2.c4 e6 3.Nf3 b6 4.g3 Ba6 5.Qa4 Bb7 6.Bg2 c5 7.dxc5 Bxc5 8.Nc3 O-O
9.O-O Be7 10.Rd1 d6 11.Bf4 a6  1/2-1/2

[Event "II ROMGAZ Open"]
[Site "Bucharest ROU"]
[Date "2008.09.15"]
[Round "5"]
[White "Solcanean,S"]
[Black "Jackova,J"]
[Result "0-1"]
[WhiteElo "2162"]
[BlackElo "2358"]

1.d4 Nf6 2.c4 e6 3.Nf3 b6 4.g3 Ba6 5.b3 Bb7 6.Bg2 Bb4+ 7.Bd2 c5 8.O-O O-O
9.Bxb4 cxb4 10.a3 Na6 11.axb4 Nxb4 12.Nc3 d6 13.Qd2 a5 14.Na2 Nc6 15.Nc3 Qe7
16.Rfd1 Rfd8 17.Na4 Qc7 18.Rac1 Nb4 19.Nc3 Qe7 20.Na4 Rab8 21.Qb2 h6 22.Nc3 e5
23.Na2 e4 24.Ne1 Nc6 25.Nc2 Bc8 26.Ne3 Nh7 27.Nd5 Qe8 28.Rf1 Bf5 29.Ne3 Bg6
30.b4 Nf6 31.Rfd1 d5 32.bxa5 Nxa5 33.cxd5 Nxd5 34.Nxd5 Rxd5 35.e3 Bh5 36.Re1 Bf3
37.Bf1 Rh5 38.Nc3 Qd7 39.Ne2 Nc6 40.Nf4 Ra5 41.Qc3 Ne7 42.Rb1 Qd8 43.Rb2 g5
44.Ne2 b5 45.Qd2 Ra3 46.Reb1 Rd3 47.Qe1 Nd5 48.Rxb5 Rxb5 49.Rxb5 Qa8 50.Qb1 Kg7
51.Qc2 Qa1 52.Rb1 Qa5 53.Rd1 Ra3 54.Qc4 Ra2 55.Rc1 Rd2 56.Nc3 Nxc3 57.Rxc3 Qa1
58.Rc1 Qb2 59.Qc7 Rxf2 60.Qe5+ Kh7 61.Qf5+ Kg7 62.Qe5+ Kg6 63.Rc6+ Kh5 64.g4+ Bxg4
65.Rf6 Rf3 66.Rxf3 Bxf3 67.Qg3 Qc1 68.Qf2 Qd1 69.Qa2 Kg6 70.Qa6+ Kg7 71.Qa2 Qc1
72.Kf2 h5 73.h3 g4 74.hxg4 hxg4 75.d5 g3+ 76.Kxg3 Qxe3 77.Qb2+ Kg6 78.Qf2 Qg5+
79.Kh2 Qh5+ 80.Bh3 Bg4 81.Qb6+ f6 82.Qe3 Qxh3+ 83.Qxh3 Bxh3  0-1

[Event "4th Pichay Cup"]
[Site "Manila PHI"]
[Date "2008.09.15"]
[Round "2"]
[White "Xiu Deshun"]
[Black "Paragua,M"]
[Result "1/2-1/2"]
[WhiteElo "2410"]
[BlackElo "2523"]

1.d4 Nf6 2.c4 e6 3.Nf3 b6 4.g3 Ba6 5.Qc2 b5 6.cxb5 Bxb5 7.Bg2 Bc6 8.O-O Qc8
9.Bg5 Be7 10.Nc3 h6 11.Bxf6 Bxf6 12.e4 O-O 13.d5 exd5 14.e5 Be7 15.Nd4 Qb7
16.Nf5 Re8 17.Rad1 d4 18.Ne4 Bd8 19.f4 Na6 20.Qe2 Kh7 21.Nxg7 Kxg7 22.Qg4+ Kh8
23.Qh5 Bxe4 24.Qxh6+ Kg8 25.f5 Qb4 26.Bxe4 Qf8 27.Qh5 Rxe5 28.Rf4 Bf6 29.Rg4+ Bg7
30.Bxa8 d3 31.Qh6 c6 32.Rxd3 Qc5+ 33.Kg2 Re2+ 34.Kh3 Rxh2+ 35.Kxh2 Qf2+ 36.Kh3 Qf1+
37.Kh2 Qf2+  1/2-1/2

[Event "4th Pichay Cup"]
[Site "Manila PHI"]
[Date "2008.09.16"]
[Round "4"]
[White "Pascua,H"]
[Black "Nguyen Anh Dung"]
[Result "1/2-1/2"]
[WhiteElo "2174"]
[BlackElo "2499"]

1.d4 Nf6 2.c4 e6 3.Nf3 b6 4.g3 Ba6 5.b3 Bb4+ 6.Bd2 Be7 7.Bg2 c6 8.Bc3 d5
9.Ne5 Nfd7 10.Nxd7 Nxd7 11.Nd2 O-O 12.O-O Rb8 13.a4 Nf6 14.e4 c5 15.exd5 exd5
16.Re1 Re8 17.Re5 Bb7 18.Bb2 cxd4 19.Bxd4 dxc4 20.Nxc4 Bxg2 21.Kxg2 Qd7 22.Bc3 Rbd8
23.Qxd7 Nxd7 24.Re3 f6 25.Rd1 Kf7 26.Kf1 Nc5 27.Rxd8 Rxd8 28.Bb4 Rd1+ 29.Ke2 Rb1
30.a5 Bf8 31.axb6 axb6 32.Nxb6  1/2-1/2

[Event "4th Pichay Cup"]
[Site "Manila PHI"]
[Date "2008.09.16"]
[Round "4"]
[White "Zhang Ziyang"]
[Black "Megaranto,S"]
[Result "1/2-1/2"]
[WhiteElo "2441"]
[BlackElo "2532"]

1.d4 Nf6 2.Nf3 e6 3.c4 b6 4.g3 Ba6 5.Qc2 Bb7 6.Bg2 c5 7.d5 exd5 8.cxd5 d6
9.Nc3 Be7 10.O-O O-O 11.Nd2 Na6 12.Nc4 b5 13.Nxb5 Nb4 14.Qd1 Bxd5 15.Nbxd6 Bxd6
16.Nxd6 Qxd6 17.e4 Nxe4 18.Bxe4  1/2-1/2

[Event "4th Pichay Cup"]
[Site "Manila PHI"]
[Date "2008.09.18"]
[Round "7"]
[White "Zhou Weiqi"]
[Black "Dao Thien Hai"]
[Result "0-1"]
[WhiteElo "2556"]
[BlackElo "2489"]

1.d4 Nf6 2.c4 e6 3.Nf3 b6 4.g3 Ba6 5.Qc2 d5 6.cxd5 Nxd5 7.Bg2 Be7 8.O-O O-O
9.a3 Nd7 10.Rd1 Bb7 11.e4 N5f6 12.Nc3 a6 13.Bf4 Rc8 14.d5 exd5 15.e5 Nh5
16.Be3 c6 17.g4 Qc7 18.gxh5 Nxe5 19.Ne2 Bd6 20.Nxe5 Bxe5 21.Ng3 Rcd8 22.Bd4 Bxd4
23.Rxd4 c5 24.Rd3 f5 25.f4 Qxf4 26.Rad1 Qe5 27.h6 f4 28.Qe2 Rfe8 29.Qxe5 Rxe5
30.Ne4 Rd7 31.hxg7 Rxg7 32.Nf6+ Kf7 33.Nxd5 c4 34.R3d2 f3 35.Nxb6 Bc6 36.Nxc4 Re2
37.Rd7+ Bxd7 38.Rxd7+ Re7 39.Rxe7+ Kxe7 40.Ne3 Ke6 41.Kf2 fxg2 42.Nxg2 Ke5
43.Ne3 Ke4 44.Ke2 Rg1  0-1

[Event "Chess City 10th Ann Open"]
[Site "Elista RUS"]
[Date "2008.09.19"]
[Round "5"]
[White "Sangadzhiev,G"]
[Black "Shevchenko,I"]
[Result "1/2-1/2"]
[WhiteElo "2159"]
[BlackElo "2105"]

1.d4 Nf6 2.c4 e6 3.Nf3 b6 4.g3 Ba6 5.b3 Bb4+ 6.Bd2 Be7 7.Bg2 d5 8.Nc3 c6
9.Ne5 O-O 10.O-O Nfd7 11.Nxd7 Nxd7 12.Re1 Nf6 13.cxd5 exd5 14.Qc2 Rc8 15.Rad1 Bb4
16.Ne4 Be7 17.Ng5 h6 18.Nf3 c5 19.Qb2 Ne4 20.Bf4 c4 21.bxc4 Rxc4 22.Ne5 Nc3
23.Rc1 Na4 24.Qa1 Ba3 25.Nxc4 Bxc1 26.Qxc1 dxc4 27.d5 Nc5 28.Be3 Qd6 29.Qa3 Rc8
30.Bxc5 bxc5 31.e4 Qb6 32.e5 Qb4 33.Qe3 Re8 34.e6 fxe6 35.dxe6 Re7 36.f4 c3
37.Rd1 c2 38.Rd8+ Kh7 39.Be4+ g6 40.Bxc2 Qc4 41.h3 Qxc2 42.Qe5 Qb1+ 43.Kh2 Qxa2+
44.Kg1 Qb1+ 45.Kh2 Qc2+ 46.Kg1  1/2-1/2

[Event "9th YM Open"]
[Site "Lausanne SUI"]
[Date "2008.09.20"]
[Round "2"]
[White "Gheorghiu,F"]
[Black "Marro,C"]
[Result "1-0"]
[WhiteElo "2375"]
[BlackElo "2073"]

1.d4 Nf6 2.c4 e6 3.Nf3 b6 4.g3 Ba6 5.b3 Bb4+ 6.Bd2 Be7 7.Nc3 Bb7 8.Bg2 c6
9.O-O d5 10.Bc1 Nbd7 11.Bb2 O-O 12.Ne1 Re8 13.Nd3 Bd6 14.e4 dxe4 15.Nxe4 Nxe4
16.Bxe4 Nf6 17.Bg2 Qe7 18.Re1 Rac8 19.Qc2 Qd8 20.Rad1 Nd7 21.Ne5 Nf8 22.c5 Bxe5
23.dxe5 Qc7 24.Rd6 Red8 25.Red1 Rd7 26.b4 b5 27.h4 Rcd8 28.h5 h6 29.Be4 a5
30.a3 a4 31.Qc3 Ba8 32.Kg2 Bb7 33.g4 Ba8 34.f4 Qa7 35.g5 hxg5 36.fxg5 Kh8
37.Rh1 Kg8 38.Rf1 Rc8 39.g6  1-0

[Event "EYb12"]
[Site "Herceg Novi MNE"]
[Date "2008.09.24"]
[Round "9"]
[White "Menezes,C"]
[Black "Kessler,L"]
[Result "1/2-1/2"]
[WhiteElo "1750"]
[BlackElo "1931"]

1.d4 Nf6 2.c4 e6 3.Nf3 b6 4.g3 Ba6 5.b3 Bb4+ 6.Bd2 Be7 7.Bc3 c6 8.Bg2 O-O
9.O-O d5 10.Ne5 Nfd7 11.Nxd7 Nxd7 12.Nd2 Rc8 13.e4 dxe4 14.Nxe4 Nf6 15.Re1 Qc7
16.Qc2 Rfd8 17.Rad1 Bb7 18.Qb2 Nxe4 19.Bxe4 Bf6 20.a3 Rd7 21.Rd2 Rcd8 22.Red1 h6
23.c5 g6 24.b4 e5 25.dxe5 Rxd2 26.Rxd2 Rxd2 27.Qxd2 Bxe5 28.Qb2 Bxc3 29.Qxc3 Qd7
30.cxb6 axb6 31.Qd3  1/2-1/2

[Event "Open"]
[Site "Yuzhny UKR"]
[Date "2008.09.24"]
[Round "8"]
[White "Bogdanovich,S"]
[Black "Fiodorov,M"]
[Result "1-0"]
[WhiteElo "2299"]
[BlackElo "2230"]

1.d4 Nf6 2.c4 e6 3.Nf3 b6 4.g3 Ba6 5.Nbd2 Bb7 6.Bg2 c5 7.O-O cxd4 8.Nxd4 Bxg2
9.Kxg2 Bc5 10.N2b3 Be7 11.Bf4 a6 12.Qd3 O-O 13.e4 d6 14.Be3 Qc7 15.f3 Nbd7
16.Rac1 Qb7 17.Rfd1 Rfe8 18.Bf2 Bf8 19.Nd2 Rad8 20.Qb1 Ne5 21.Re1 d5 22.cxd5 Bb4
23.Rcd1 exd5 24.exd5 Rxd5 25.a3 Bxd2 26.Rxd2 Red8 27.Rde2 Rxd4 28.Rxe5 Rd2
29.R1e2 h6 30.Qc1 Rxe2 31.Rxe2 b5 32.Rd2 Rxd2 33.Qxd2 Nd7 34.Qd6 Nf8 35.Qd8 Qc6
36.b4 Qc2 37.Qa8 h5 38.Qxa6 h4 39.gxh4 Ng6 40.Qa8+ Kh7 41.Qe4 Qd2 42.Kg3 Qd6+
43.f4 Kg8 44.h5 Nh8 45.Qe8+ Kh7 46.Qxb5 Qd1 47.Qf5+ g6 48.hxg6+ fxg6 49.Qh3+ Kg8
50.Qe6+ Kh7 51.Qh3+ Kg8 52.Qg4 Qd3+ 53.Qf3 Qf5 54.Bd4 Nf7 55.Be5 Qb1 56.Bd4 Kh7
57.Qe2 Kh6 58.Qe3 Kh7 59.h4 Kh6 60.f5+ Kh7 61.fxg6+ Qxg6+ 62.Kh2 Qd6+ 63.Kg1 Qg6+
64.Kh2 Qd6+ 65.Kg1 Qg6+ 66.Kf2 Qc2+ 67.Qe2 Qf5+ 68.Qf3 Qc2+ 69.Kg3 Qg6+ 70.Kh3 Nd6
71.Bf2 Qe6+ 72.Kg2 Ne4 73.Be3 Qg8+ 74.Kh3 Qe6+ 75.Qg4 Qc4 76.Qd7+ Kg8 77.Qg4+ Kf7
78.Qf5+ Kg7 79.h5 Qd3 80.h6+ Kg8 81.Qg4+ Kf7 82.Qf3+ Kg8 83.Kg4 Qd7+ 84.Kf4 Nf6
85.Qg2+ Kh7 86.Qg7+  1-0

[Event "Zvenigorodskaya Open A"]
[Site "Zvenigorod RUS"]
[Date "2008.09.25"]
[Round "1"]
[White "Malakhatko,V"]
[Black "Zhumabayev,R"]
[Result "0-1"]
[WhiteElo "2612"]
[BlackElo "2442"]

1.d4 Nf6 2.c4 e6 3.Nf3 b6 4.g3 Ba6 5.b3 Bb4+ 6.Bd2 Be7 7.Bg2 d5 8.cxd5 exd5
9.O-O O-O 10.Nc3 Bb7 11.Bc1 Na6 12.Bb2 Qc8 13.Rc1 c5 14.e3 Rd8 15.Ne2 Ne4
16.Nf4 Bd6 17.a3 Nc7 18.Qc2 Ne6 19.Bh3 Bxf4 20.gxf4 Qc6 21.Rfd1 Nf8 22.Qe2 Qh6
23.Bg2 Ng6 24.Ne5 Rac8 25.Qg4 Nh4 26.Bf1 Re8 27.dxc5 bxc5 28.f3 Nd6 29.Qg5 Qxg5+
30.fxg5 Rxe5 31.Bxe5 Nxf3+ 32.Kf2 Nxe5 33.Bh3 Ne4+ 34.Kg1 Nf3+ 35.Kg2 Nh4+
36.Kg1 Re8 37.Bg4 Re5  0-1

[Event "ch-NOR playoff"]
[Site "Moss NOR"]
[Date "2008.09.26"]
[Round "1"]
[White "Elsness,F"]
[Black "Hammer,J"]
[Result "1-0"]
[WhiteElo "2428"]
[BlackElo "2494"]

1.d4 Nf6 2.c4 e6 3.Nf3 b6 4.g3 Ba6 5.Qc2 Bb7 6.Bg2 c5 7.d5 exd5 8.cxd5 Nxd5
9.O-O Be7 10.Rd1 Nc6 11.Qa4 Nf6 12.e4 Nd4 13.Nxd4 cxd4 14.Qxd4 Bc5 15.Qe5+ Qe7
16.Qxe7+ Kxe7 17.Nc3 Ng4 18.Rd2 Rhc8 19.h3 Ne5 20.Nd5+ Bxd5 21.Rxd5 f6 22.b3 Bb4
23.Bb2 d6 24.f4 Nf7 25.e5 fxe5 26.fxe5 dxe5 27.Bxe5 Rd8 28.Rf1 Ke6 29.Bxg7 Rxd5
30.Rf6+ Ke5 31.Rxb6+ Kf5 32.g4+ Kg5 33.Bf6+ Kh6 34.Bxd5 axb6 35.Bxa8 Kg6
36.Bd4 b5 37.Be4+ Kg5 38.Bxh7 Kf4 39.Kg2 Ba3 40.Bd3 Nd6 41.Bf2 Ne4 42.Bxe4 Kxe4
43.Bb6  1-0

[Event "Zvenigorodskaya Open A"]
[Site "Zvenigorod RUS"]
[Date "2008.09.26"]
[Round "2"]
[White "Zhumabayev,R"]
[Black "Shaposhnikov,E"]
[Result "1/2-1/2"]
[WhiteElo "2442"]
[BlackElo "2558"]

1.d4 Nf6 2.Nf3 e6 3.c4 b6 4.g3 Ba6 5.b3 Bb4+ 6.Bd2 Bxd2+ 7.Qxd2 O-O 8.Bg2 d5
9.O-O c5 10.Ne5 Nbd7 11.Nc3 cxd4 12.Qxd4 Nxe5 13.Qxe5 Rc8 14.cxd5 Qc7 15.Qxc7 Rxc7
16.Ne4 Nxd5 17.Rfe1 Rc2 18.e3 h6 19.Bf1 Bxf1 20.Kxf1 Nc3  1/2-1/2

[Event "TCh-NED 2008-9"]
[Site "Netherlands NED"]
[Date "2008.09.27"]
[Round "1"]
[White "Richter,Ch"]
[Black "Werle,J"]
[Result "0-1"]
[WhiteElo "2403"]
[BlackElo "2591"]

1.d4 Nf6 2.c4 e6 3.Nf3 b6 4.g3 Ba6 5.Qa4 Bb7 6.Bg2 c5 7.O-O cxd4 8.Nxd4 Bxg2
9.Kxg2 Qc8 10.Nc3 Qb7+ 11.f3 Be7 12.Bf4 O-O 13.Rfd1 a6 14.Rac1 Rc8 15.Nb3 Nc6
16.Nd2 Nd4 17.Nde4 b5 18.cxb5 Nxb5 19.Be5 Nxc3 20.Nxf6+ Bxf6 21.Bxc3 Bxc3
22.bxc3 Rc6 23.c4 d6 24.Qa3 Qc7 25.Rd2 d5 26.c5 Rb8 27.Rdc2 h6 28.Qa4 Rb5
29.Qd4 Qa5 30.Kf1 Rb4 31.Qd3 Qa4 32.Kg2 Rb8 33.Kf1 Rb4 34.Kg2 Qb5 35.Kf2 Qxd3
36.exd3 e5 37.Ke3 f5 38.Rd1 d4+ 39.Kf2 Rb5 40.Rdc1 Kf7 41.f4 e4 42.Rc4 e3+
43.Kg1 Ke6 44.Rxd4 Rbxc5 45.Re1 Rc1 46.Kf1 Rxe1+ 47.Kxe1 Rc2 48.a4 Rxh2 49.Rd8 Ra2
50.a5 Rxa5 51.Ke2 Rd5 52.Ra8 Rd6 53.Kxe3 Kd5 54.Rf8 Re6+ 55.Kf3 g6 56.g4 fxg4+
57.Kxg4 Rd6 58.Rh8 h5+ 59.Kg5 Kc6 60.Rg8 a5 61.Rxg6 Rxg6+ 62.Kxg6 h4 63.f5 h3
64.f6 h2 65.f7 h1=Q 66.f8=Q Qg2+ 67.Kh7 Qh3+ 68.Kg7 Qxd3 69.Qa8+ Kb5 70.Qb7+ Ka4
71.Qc6+ Kb4 72.Qb6+ Qb5 73.Qd4+ Qc4 74.Qb2+ Qb3 75.Qd4+ Qc4 76.Qb2+ Kc5 77.Qa3+ Qb4
78.Qc1+ Kd5 79.Qg5+ Kc4 80.Qf4+ Kb3 81.Qf7+ Ka3 82.Qf3+ Ka2 83.Qd5+ Ka3 84.Qd3+ Qb3
85.Qd6+ Ka2 86.Kh6 Qh3+ 87.Kg6 Qg2+ 88.Kh5 Qf3+ 89.Kg6 a4 90.Qd2+ Kb3 91.Qc1 Qd3+
92.Kh5 a3 93.Qc5 Qh3+ 94.Kg5 Qc3 95.Qb5+ Kc2 96.Qa4+ Kb1 97.Qe4+ Ka1 98.Kh5 a2
99.Qb7 Qc5+ 100.Kh6 Qe3+ 101.Kh5 Qe5+ 102.Kh6 Qh2+ 103.Kg5 Qd2+ 104.Kg4 Qd1+
105.Kg3 Qb1 106.Qg7+ Qb2 107.Qg6 Qc3+ 108.Kg2 Kb2 109.Qb6+ Kc1 110.Qh6+ Qd2+  0-1

[Event "Liga Nacional Ajedrez"]
[Site "Villa Martelli ARG"]
[Date "2008.09.27"]
[Round "8"]
[White "Alvarez,Ro2"]
[Black "Hase,J"]
[Result "0-1"]
[WhiteElo "2109"]
[BlackElo "2279"]

1.d4 Nf6 2.c4 e6 3.Nf3 b6 4.g3 Ba6 5.Qc2 c5 6.d5 exd5 7.cxd5 g6 8.Nc3 Bg7
9.Bg2 O-O 10.O-O d6 11.a4 Bb7 12.Nd2 Nc6 13.Nc4 Nb4 14.Qd1 Ne8 15.Bf4 Ba6
16.Nb5 Bxb5 17.axb5 g5 18.Bc1 Nc7 19.Na3 Qf6 20.Rb1 Qg6 21.Be3 Rfe8 22.Qc1 h6
23.Qc4 Re5 24.Rbd1 Rae8 25.Rfe1 Rxe3 26.fxe3 Bxb2 27.Qb3 Bxa3 28.Qxa3 Nxb5
29.Qa4 a6 30.Rb1 Rxe3 31.Rxb4 cxb4 32.Qxa6 Nd4 33.Qxb6 Nc2 34.Rc1 Rxe2 35.Bf1 Rd2
36.Qb5 Qf5 37.Qb6 Nd4 38.Qd8+ Kg7  0-1

[Event "Podillya It"]
[Site "Khmelnitsky UKR"]
[Date "2008.09.28"]
[Round "3"]
[White "Nyzhnyk,I"]
[Black "Soltanici,R"]
[Result "1/2-1/2"]
[WhiteElo "2428"]
[BlackElo "2421"]

1.d4 Nf6 2.c4 e6 3.Nf3 b6 4.g3 Ba6 5.Qa4 c5 6.Bg2 Bb7 7.O-O cxd4 8.Nxd4 Bxg2
9.Kxg2 Qc8 10.Nc3 Be7 11.Rd1 O-O 12.Bf4 a6 13.f3 Qb7 14.e4 d6 15.Nde2 Rd8
16.Rd2 Nc6 17.Rad1 Qc7 18.Qc2 Rac8 19.b3 Nh5 20.Be3 Ne5 21.a4 Nf6 22.Qb2 Nfd7
23.h4 Nc5 24.Bf2 Qb7 25.Qb1 Rf8 26.Nf4 Rfe8 27.Be3 Bf8 28.Rf2 Nc6 29.Nfe2 Ne5
30.Nd4 g6 31.g4 Bg7 32.Kh3 Nc6 33.Nxc6 Rxc6 34.Na2 Be5 35.Bd4 Nd7 36.Nb4 Rc7
37.Bxe5 dxe5 38.Rfd2 Nc5 39.Qb2 f6 40.Na2 Rd7 41.Rxd7 Nxd7 42.Nc3 Nb8 43.Ne2 Nc6
44.b4 Qe7 45.b5 axb5 46.Qxb5 Qc5 47.Kg3 Rc8 48.Rd7 Qe3 49.Qb2 Na5 50.Qb4  1/2-1/2

[Event "Tatry Open"]
[Site "Tatranske Zruby SVK"]
[Date "2008.09.28"]
[Round "2"]
[White "Papan,C"]
[Black "Blecha,Mir"]
[Result "0-1"]
[WhiteElo "2032"]
[BlackElo "2211"]

1.d4 Nf6 2.c4 e6 3.Nf3 b6 4.g3 Ba6 5.Qc2 d5 6.b3 Bb4+ 7.Bd2 Be7 8.Bg2 O-O
9.O-O c6 10.Bf4 Nbd7 11.Nbd2 Nh5 12.Be3 f5 13.Ne5 Nxe5 14.dxe5 d4 15.Bf4 g5
16.e3 gxf4 17.exf4 Rc8 18.Qd3 c5 19.a4 Qc7 20.Ra2 Bb7 21.a5 Bxg2 22.Kxg2 bxa5
23.Qf3 Ng7 24.Rfa1 Bd8 25.Kf1 Qc6 26.Ke2 Qxf3+ 27.Nxf3 Rb8 28.Nd2 Rf7 29.Kd3 Rfb7
30.Ra3 Ne8 31.R1a2 Bb6 32.Rb2 Nc7 33.Nb1 Na6 34.Ra4 Bd8 35.Nd2 Rb4 36.Rxb4 Rxb4
37.Ra2 a4 38.Rxa4 Rxa4 39.bxa4 Nb4+  0-1

[Event "Tatry Open"]
[Site "Tatranske Zruby SVK"]
[Date "2008.09.29"]
[Round "4"]
[White "Michenka,J"]
[Black "Vojtek,V"]
[Result "1-0"]
[WhiteElo "2396"]
[BlackElo "2301"]

1.d4 Nf6 2.c4 e6 3.Nf3 b6 4.g3 Ba6 5.Qa4 Bb7 6.Bg2 c5 7.O-O cxd4 8.Nxd4 Bxg2
9.Kxg2 Be7 10.Nc3 O-O 11.e4 Qc7 12.Bf4 Qb7 13.f3 d6 14.Ndb5 Ne8 15.Rad1 e5
16.Be3 a6 17.Na3 Nd7 18.Nd5 Bd8 19.Rf2 f5 20.exf5 Rxf5 21.Nb1 Rf7 22.Nbc3 Rb8
23.Ne4 h6 24.Nb4 b5 25.Qxa6 bxc4 26.a3 Qxa6 27.Nxa6 Rb3 28.Re2 Bb6 29.Bxb6 Nxb6
30.Nc3 Ra7 31.Nb4 Na4 32.Nxa4 Rxa4 33.Nd5 Kf7 34.f4 exf4 35.Rf1 f3+ 36.Rxf3+ Rxf3
37.Kxf3 Nf6 38.Nb6 Ra5 39.Nxc4 Ra6 40.Re3 Nd5 41.Rd3 Ke6 42.b3 Nc7 43.a4 Nd5
44.Ne3 Nb4 45.Rc3 Nc6 46.Nc2 Kd7 47.Ke4 Ra5 48.Ne3 Rh5 49.h4 Re5+ 50.Kd3 g5
51.Ng4 Re6 52.h5 Re8 53.Nxh6 Rh8 54.Ng4 Nb4+ 55.Kd2 Ke6 56.h6 Nd5 57.Rc4 Ne7
58.Re4+ Kd7 59.a5 Nf5 60.a6 Nxg3 61.Ra4 Ne4+ 62.Rxe4 Kc6 63.Ra4 d5 64.a7 Kb7  1-0

[Event "Autumn-5"]
[Site "Alushta UKR"]
[Date "2008.09.30"]
[Round "6"]
[White "Iljin,T"]
[Black "Amanov,M"]
[Result "0-1"]
[WhiteElo "2408"]
[BlackElo "2385"]

1.d4 Nf6 2.c4 e6 3.Nf3 b6 4.g3 Ba6 5.Qc2 Bb7 6.Bg2 c5 7.d5 exd5 8.cxd5 Nxd5
9.O-O Nc7 10.e4 Nc6 11.a3 Ne6 12.Be3 Be7 13.Nc3 O-O 14.Rad1 Bf6 15.Nd5 Bd4
16.Nxd4 Ncxd4 17.Qd2 f5 18.e5 Rb8 19.f4 d6 20.Bxd4 Nxd4 21.Rfe1 Re8 22.Nc3 Nf3+
23.Bxf3 Bxf3 24.exd6 Bxd1 25.Rxd1 Qd7 26.Qd5+ Kh8 27.b4 cxb4 28.axb4 Rbc8
29.Nb5 Rc6 30.Nxa7 Rc2 31.Nb5 h6 32.Nd4 Rb2 33.b5 Re3 34.Nc6 Qe8 35.Ne5 Qh5
36.Nf7+ Kh7 37.Ng5+ hxg5 38.Qxf5+ Kg8 39.Qd5+ Kh8 40.Qa8+ Kh7  0-1

[Event "Podillya It"]
[Site "Khmelnitsky UKR"]
[Date "2008.09.30"]
[Round "7"]
[White "Zakhartsov,Vi"]
[Black "Pavlov,S2"]
[Result "1/2-1/2"]
[WhiteElo "2556"]
[BlackElo "2433"]

1.d4 Nf6 2.Nf3 e6 3.c4 b6 4.g3 Ba6 5.b3 Bb4+ 6.Bd2 Be7 7.Nc3 d5 8.cxd5 exd5
9.Bg2 O-O 10.O-O c5 11.Rc1 Nbd7 12.Bf4 Rc8 13.dxc5 Nxc5 14.Bh3 Ne6 15.Be5 Ne4
16.Rc2 Nxc3 17.Rxc3 Rxc3 18.Bxc3 Bf6 19.Bxf6 Qxf6 20.Qd2 Rd8 21.Rd1 d4  1/2-1/2

[Event "58th TCh m 1st Div"]
[Site "Borovets BUL"]
[Date "2008.10.03"]
[Round "3"]
[White "Popov,L"]
[Black "Panajotov,J"]
[Result "1-0"]
[WhiteElo "2311"]
[BlackElo "2214"]

1.d4 Nf6 2.c4 e6 3.Nf3 b6 4.g3 Ba6 5.Qa4 Bb7 6.Bg2 c5 7.dxc5 bxc5 8.Nc3 Be7
9.O-O O-O 10.Bf4 Qb6 11.Qc2 d5 12.cxd5 exd5 13.Rfd1 Na6 14.Ne5 Rad8 15.a3 Rfe8
16.Rac1 Ba8 17.Bg5 Qe6 18.Nd3 d4 19.Bxa8 Rxa8 20.Na4 Rac8 21.Qc4 Ne4 22.Qxe6 fxe6
23.Bxe7 Rxe7 24.f3 Nf6 25.Naxc5 Nxc5 26.Rxc5 Rxc5 27.Nxc5 e5 28.Rc1 Kf7 29.Kf1 Nd5
30.Ke1 h6 31.Kd2 Kf6 32.Nd3 Ke6 33.Rc6+ Kf7 34.Rc5 Ke6 35.Ra5 Kd6 36.Nf2 Rc7
37.Ne4+ Ke6 38.Ra6+ Ke7 39.b4 Nc3 40.Nc5 Kf7 41.Kd3 Re7 42.Ne4 Rc7 43.h4 Nd1
44.Nc5 Re7 45.h5 Nb2+ 46.Ke4 Nd1 47.Kd3 Nb2+ 48.Kc2 Nc4 49.a4 Ne3+ 50.Kb3 Rc7
51.Rd6 Nf1 52.Ne4 Ke7 53.Rg6 Kf7 54.Nd6+ Kg8 55.Ne4 Kf7 56.b5 Ne3 57.a5 Rc1
58.Ra6 Rb1+ 59.Ka2 Re1 60.Rxa7+ Ke6 61.b6 Rxe2+ 62.Kb3 Nd1 63.b7 Kd5 64.Ka3 Rb2
65.Nf2 Rxf2 66.b8=Q Rxf3+ 67.Kb4 Ke4 68.Re7 Rf5 69.a6 Nc3 70.Kc5  1-0

[Event "1st WMSG Blitz Ind w"]
[Site "Beijing CHN"]
[Date "2008.10.04"]
[Round "2"]
[White "Sachdev,T"]
[Black "Xu Yuhua"]
[Result "1/2-1/2"]
[WhiteElo "2425"]
[BlackElo "2477"]

1.d4 e6 2.c4 Nf6 3.Nf3 b6 4.g3 Ba6 5.b3 Bb4+ 6.Bd2 Be7 7.Bg2 c6 8.Bc3 d5
9.Ne5 Nfd7 10.Nxd7 Nxd7 11.Nd2 O-O 12.O-O f5 13.Bb2 Bd6 14.Re1 Qe7 15.e3 Nf6
16.Rc1 Rac8 17.Qc2 Ne4 18.f3 Nxd2 19.Qxd2 Qg5 20.Qf2 Bb7 21.c5 Bc7 22.b4 b5
23.a4 bxa4 24.Ra1 a5 25.Rxa4 axb4 26.Rea1 Ra8 27.Rxb4 Rxa1+ 28.Bxa1 Ba6 29.f4 Qh5
30.Bf3 Qh3 31.Bg2 Qh5 32.Bf3 Qh3 33.Bg2 Qh5 34.Bf3 Qh3 35.Bg2 Qh5 36.Bf3 Qh3  1/2-1/2

[Event "1st WMSG Blitz Ind w"]
[Site "Beijing CHN"]
[Date "2008.10.04"]
[Round "4"]
[White "Zenyuk,I"]
[Black "Xu Yuhua"]
[Result "0-1"]
[WhiteElo "2237"]
[BlackElo "2477"]

1.d4 e6 2.c4 Nf6 3.Nf3 b6 4.g3 Ba6 5.Qc2 Bb7 6.Bg2 c5 7.d5 exd5 8.cxd5 Bxd5
9.Nc3 Bc6 10.Bg5 Be7 11.O-O-O d6 12.e4 O-O 13.e5 Ne8 14.Bxe7 Qxe7 15.Nd5 Bxd5
16.Rxd5 Nc6 17.exd6 Nxd6 18.Re1 Qf6 19.Ng5 g6 20.Rxd6 Qxd6 21.Ne4 Qe6 22.Qc3 Nd4
23.Ng5 Qf5 24.Bxa8 Rxa8 25.f4 h6 26.Re5 Qxe5 27.fxe5 Ne2+ 28.Kc2 Nxc3  0-1

[Event "1st WMSG Blitz Ind w"]
[Site "Beijing CHN"]
[Date "2008.10.04"]
[Round "5"]
[White "Schuurman,P"]
[Black "Gomes,Mary"]
[Result "1-0"]
[WhiteElo "2324"]
[BlackElo "2298"]

1.Nf3 Nf6 2.c4 e6 3.d4 b6 4.g3 Ba6 5.Qc2 Bb7 6.Bg2 c5 7.d5 exd5 8.cxd5 Nxd5
9.O-O Be7 10.Qe4 Bc6 11.Ne5 Nf6 12.Nxc6 Nxc6 13.Qf4 d5 14.Nc3 Qd7 15.Rd1 d4
16.Nb5 O-O 17.e3 a6 18.Na3 Rad8 19.e4 b5 20.e5 Nd5 21.Qe4 b4 22.Nc4 f5 23.exf6 Bxf6
24.Bf4 Rfe8 25.Qf3 Nxf4 26.Qxf4 Ne5 27.Nxe5 Bxe5 28.Qf3 d3 29.Rd2 c4 30.Qc6 Qxc6
31.Bxc6 Re7 32.Rc1 c3 33.bxc3 bxc3 34.Rdd1 d2 35.Rc2 Rd6 36.Ba4 Rb7 37.Bb3+  1-0

[Event "1st WMSG Rapid Ind w"]
[Site "Beijing CHN"]
[Date "2008.10.05"]
[Round "1"]
[White "Zenyuk,I"]
[Black "Li Ruofan"]
[Result "0-1"]
[WhiteElo "2237"]
[BlackElo "2426"]

1.d4 Nf6 2.Nf3 e6 3.c4 b6 4.g3 Ba6 5.Qc2 Bb7 6.Bg2 Bb4+ 7.Nbd2 O-O 8.O-O d5
9.Ne5 Nbd7 10.Nxd7 Qxd7 11.a3 Bd6 12.b4 a5 13.c5 Be7 14.Bb2 axb4 15.axb4 Qb5
16.Rfc1 bxc5 17.bxc5 Qxe2 18.Bf1 Qh5 19.c6 Rxa1 20.Rxa1 Bc8 21.Ba3 Bxa3 22.Rxa3 e5
23.Ra7 Ne8 24.dxe5 Qxe5 25.Nf3 Qf6 26.Bg2 Bg4 27.Nd2 Qd6 28.Ra4 Be6 29.Rh4 Nf6
30.Rd4 Ra8 31.h3 Ra6 32.Be4 Qxc6 33.Qxc6 Rxc6 34.Bd3 g6 35.Kg2 Rc3 36.Bb1 Rc1
37.f4 c5 38.Ra4 Rd1 39.Ra2 d4 40.Rb2 c4 41.Ba2 c3 42.Rb8+ Kg7  0-1

[Event "1st WMSG Rapid Ind w"]
[Site "Beijing CHN"]
[Date "2008.10.05"]
[Round "3"]
[White "Zhao Xue"]
[Black "Sukandar,I"]
[Result "1-0"]
[WhiteElo "2518"]
[BlackElo "2303"]

1.d4 Nf6 2.c4 e6 3.Nf3 b6 4.g3 Ba6 5.Nbd2 Be7 6.Bg2 Bb7 7.O-O O-O 8.Re1 d5
9.cxd5 exd5 10.Ne5 Nbd7 11.Ndf3 c5 12.Bf4 h6 13.Rc1 Re8 14.dxc5 Nxc5 15.Nd4 Bd6
16.Nec6 Qd7 17.Bxd6 Qxd6 18.b4 Bxc6 19.bxc5 bxc5 20.Nf5 Qf8 21.Qd2 Re5 22.Qf4 Nd7
23.Nd4 cxd4 24.Rxc6 Qb4 25.Rec1 Rxe2 26.Bxd5 Ne5 27.Rc8+ Rxc8 28.Rxc8+ Kh7
29.Qf5+ Ng6 30.Bxf7 Re1+ 31.Kg2 Qb7+ 32.Kh3  1-0